[Event "MNE-ch 76th"]
[Site "Podgorica"]
[Date "2024.02.13"]
[Round "9"]
[White "Djukic, Nikola"]
[Black "Nenezic, Danilo"]
[Result "1-0"]
[WhiteElo "2521"]
[BlackElo "2086"]
[PlyCount "63"]
[EventDate "2024.02.06"]
[EventType "swiss"]
[EventRounds "11"]
[EventCountry "MNE"]
[SourceTitle "CB08_2024"]
[SourceDate "2024.02.21"]
[SourceVersion "1"]
[SourceVersionDate "2024.02.21"]
[SourceQuality "1"]

1. e4 c5 2. Nf3 e6 3. d4 cxd4 4. Nxd4 a6 5. Bd3 Qc7 6. Qe2 Bc5 7. Nb3 Ba7 8. Be3 Bxe3 9. Qxe3 Nc6 10. Nc3 d6 11. 0-0-0 Nf6 12. g4 Bd7 13. g5 Ng8 14. Qg3 0-0-0 15. Be2 Be8 16. Rd2 Nge7 17. Rhd1 Ne5 18. f4 N5c6 19. Bg4 Kb8 20. f5 exf5 21. exf5 Ne5 22. f6 gxf6 23. gxf6 N7g6 24. Nd5 Qc6 25. Bf5 Nc4 26. Rd4 Nge5 27. Be4 a5 28. Qc3 a4 29. Na5 Qa6 30. Nxc4 Rc8 31. Ndb6 Bb5 32. Nxc8 1-0

[Event "Skopje op"]
[Site "Skopje"]
[Date "2023.12.10"]
[Round "7"]
[White "Baglan, Esat"]
[Black "Djukic, Nikola"]
[Result "0-1"]
[WhiteElo "2342"]
[BlackElo "2518"]
[PlyCount "84"]
[EventDate "2023.12.06"]
[EventType "swiss"]
[EventRounds "9"]
[EventCountry "MKD"]
[SourceTitle "CB50_2023"]
[SourceDate "2023.12.13"]
[SourceVersion "1"]
[SourceVersionDate "2023.12.13"]
[SourceQuality "1"]

1. e4 c5 2. Nf3 d6 3. d4 cxd4 4. Nxd4 Nf6 5. Nc3 a6 6. Bg5 Nbd7 7. Qe2 h6 8. Bh4 e5 9. Nf5 g6 10. Ne3 Be7 11. 0-0-0 b5 12. f3 Bb7 13. Kb1 Rc8 14. Bxf6 Nxf6 15. Ncd5 Nxd5 16. Nxd5 Rc5 17. Nxe7 Kxe7 18. Qf2 Qc7 19. Bd3 Kf8 20. g3 d5 21. exd5 Rxd5 22. Rhe1 Kg7 23. f4 exf4 24. gxf4 Bc8 25. Be4 Rxd1+ 26. Rxd1 Rd8 27. Rg1 Qd6 28. a3 Qd4 29. Qg2 Qf6 30. h4 h5 31. Qf2 Rd4 32. Qe3 Bg4 33. Rf1 b4 34. axb4 Rxb4 35. b3 a5 36. f5 a4 37. Qe1 a3 38. Qc1 Rxe4 39. fxg6 Qxg6 40. Qxa3 Qe6 41. Qa5 Qe5 42. Qd2 Bf5 0-1

[Event "Skopje op"]
[Site "Skopje"]
[Date "2023.12.10"]
[Round "6"]
[White "Djukic, Nikola"]
[Black "Krastev, Alexander"]
[Result "1/2-1/2"]
[WhiteElo "2518"]
[BlackElo "2447"]
[PlyCount "48"]
[EventDate "2023.12.06"]
[EventType "swiss"]
[EventRounds "9"]
[EventCountry "MKD"]
[SourceTitle "CB50_2023"]
[SourceDate "2023.12.13"]
[SourceVersion "1"]
[SourceVersionDate "2023.12.13"]
[SourceQuality "1"]

1. e4 c5 2. Nf3 e6 3. d4 cxd4 4. Nxd4 Nc6 5. Nc3 d6 6. Be3 Nf6 7. Be2 Be7 8. 0-0 a6 9. a4 0-0 10. f4 e5 11. Nxc6 bxc6 12. fxe5 dxe5 13. Qe1 Be6 14. Qg3 Qa5 15. Bg5 Kh8 16. Kh1 Ng8 17. Bxe7 Nxe7 18. Bg4 Ng6 19. Bxe6 fxe6 20. Qe3 Qb4 21. b3 Qd4 22. Qxd4 exd4 23. Ne2 c5 24. b4 e5 1/2-1/2

[Event "Skopje op"]
[Site "Skopje"]
[Date "2023.12.09"]
[Round "5"]
[White "Bernadskiy, Vitaliy"]
[Black "Djukic, Nikola"]
[Result "1/2-1/2"]
[WhiteElo "2558"]
[BlackElo "2518"]
[PlyCount "64"]
[EventDate "2023.12.06"]
[EventType "swiss"]
[EventRounds "9"]
[EventCountry "MKD"]
[SourceTitle "CB50_2023"]
[SourceDate "2023.12.13"]
[SourceVersion "1"]
[SourceVersionDate "2023.12.13"]
[SourceQuality "1"]

1. d4 Nf6 2. c4 e6 3. Nc3 d5 4. cxd5 exd5 5. Bg5 c6 6. e3 Be7 7. Bd3 Nbd7 8. h3 Nf8 9. Bf4 Ne6 10. Be5 0-0 11. Qc2 g6 12. Nge2 Ng7 13. g4 Nd7 14. Bg3 Bh4 15. 0-0-0 Nb6 16. Bxh4 Qxh4 17. Nf4 Bd7 18. Kb1 Rac8 19. Qe2 Rfe8 20. Rc1 Ne6 21. Nxe6 Rxe6 22. Nd1 Rce8 23. f3 R6e7 24. Qh2 f5 25. gxf5 Bxf5 26. Bxf5 gxf5 27. Rg1+ Kh8 28. b3 Nd7 29. Rc2 f4 30. Rg4 Qe1 31. Rg1 Qh4 32. Rg4 Qe1 1/2-1/2

[Event "Skopje op"]
[Site "Skopje"]
[Date "2023.12.08"]
[Round "4"]
[White "Tomic, Aleksandar1"]
[Black "Djukic, Nikola"]
[Result "0-1"]
[WhiteElo "2400"]
[BlackElo "2518"]
[PlyCount "40"]
[EventDate "2023.12.06"]
[EventType "swiss"]
[EventRounds "9"]
[EventCountry "MKD"]
[SourceTitle "CB50_2023"]
[SourceDate "2023.12.13"]
[SourceVersion "1"]
[SourceVersionDate "2023.12.13"]
[SourceQuality "1"]

1. b3 e5 2. Bb2 Nc6 3. e3 Nf6 4. c4 d5 5. cxd5 Nxd5 6. a3 Bd6 7. Qc2 0-0 8. Nf3 Qe7 9. d3 f5 10. Nbd2 Bd7 11. b4 Kh8 12. h4 h6 13. h5 Be8 14. b5 Nb8 15. Be2 Nd7 16. Nh4 Nc5 17. d4 exd4 18. Bxd4 Ne6 19. Bb2 Nxe3 20. Qd3 Bf4 0-1

[Event "Skopje op"]
[Site "Skopje"]
[Date "2023.12.06"]
[Round "1"]
[White "Djukic, Nikola"]
[Black "Pourquet, Matthieu"]
[Result "1/2-1/2"]
[WhiteElo "2518"]
[BlackElo "2267"]
[PlyCount "77"]
[EventDate "2023.12.06"]
[EventType "swiss"]
[EventRounds "9"]
[EventCountry "MKD"]
[SourceTitle "CB50_2023"]
[SourceDate "2023.12.13"]
[SourceVersion "1"]
[SourceVersionDate "2023.12.13"]
[SourceQuality "1"]

1. e4 c5 2. Nf3 Nc6 3. Bb5 g6 4. 0-0 Bg7 5. c3 Nf6 6. Re1 a6 7. Bxc6 dxc6 8. h3 0-0 9. d3 Qc7 10. Na3 Rd8 11. Qe2 e5 12. Be3 b6 13. b4 cxb4 14. Nc4 Nd7 15. cxb4 a5 16. a3 axb4 17. axb4 Ba6 18. Rac1 Bb5 19. Qd2 Ra4 20. Bh6 Bxh6 21. Qxh6 Rxb4 22. Ne3 Qd6 23. d4 Qf8 24. Qh4 exd4 25. Ng4 h5 26. Nh6+ Kg7 27. Nf5+ gxf5 28. Qg5+ Kh7 29. Qxh5+ Kg8 30. Qg5+ Kh7 31. Qxf5+ Kg8 32. Qg5+ Kh7 33. Qh4+ Kg8 34. Qg5+ Kh7 35. e5 Nc5 36. Qh5+ Kg8 37. Qg5+ Kh7 38. Qh4+ Kg8 39. Qg5+ 1/2-1/2

[Event "EU-chT 24th"]
[Site "Budva"]
[Date "2023.11.15"]
[Round "5.2"]
[White "Djukic, Nikola"]
[Black "Mamedov, Rauf"]
[Result "1/2-1/2"]
[WhiteElo "2518"]
[BlackElo "2644"]
[PlyCount "159"]
[EventDate "2023.11.11"]
[EventType "team-swiss"]
[EventRounds "9"]
[EventCountry "MNE"]
[SourceTitle "CB47_2023"]
[SourceDate "2023.11.22"]
[SourceVersion "1"]
[SourceVersionDate "2023.11.22"]
[SourceQuality "1"]
[WhiteTeam "Montenegro"]
[BlackTeam "Azerbaijan"]
[WhiteTeamCountry "MNE"]
[BlackTeamCountry "AZE"]

1. e4 c5 2. Nf3 Nc6 3. Bb5 g6 4. 0-0 Bg7 5. c3 Nf6 6. Re1 0-0 7. d4 a6 8. Bxc6 dxc6 9. h3 cxd4 10. cxd4 c5 11. d5 b5 12. Nc3 Bb7 13. Bf4 Re8 14. Be5 Bh6 15. Nh2 Nd7 16. Ng4 Bf8 17. Bf4 e5 18. Bh6 Bxh6 19. Nxh6+ Kg7 20. Qd2 c4 21. b4 cxb3 22. axb3 Rc8 23. Ng4 h5 24. Nh2 Nc5 25. Rab1 b4 26. Nd1 a5 27. f3 Qb6 28. Qe3 Ba6 29. Nf1 Qb5 30. Nb2 Nd3 31. Nxd3 Qxd3 32. Qxd3 Bxd3 33. Ra1 Rc3 34. Rxa5 Rxb3 35. Re3 Rc3 36. d6 b3 37. Nd2 b2 38. Kh2 Rd8 39. Rd5 Rc2 40. Rexd3 Rxd2 41. Rb3 Rxd5 42. exd5 Rxd6 43. Rxb2 Rxd5 44. h4 Rd6 45. Rb7 Kf6 46. Kg3 Ke6 47. Ra7 f5 48. Ra5 Kf6 49. Rb5 Re6 50. Kf2 Ra6 51. Kg3 Re6 52. Kf2 f4 53. Ra5 Rb6 54. Kg1 Kf5 55. Kh2 Rd6 56. Rb5 Ke6 57. Ra5 Rd4 58. Ra6+ Rd6 59. Ra5 Kf6 60. Rb5 Re6 61. Rb4 Ra6 62. Rb5 Ra2 63. Rb6+ Kf5 64. Rb5 Re2 65. Ra5 Re1 66. Rb5 g5 67. hxg5 Kxg5 68. Rb8 Re2 69. Rg8+ Kf6 70. Rh8 Kg6 71. Rg8+ Kh7 72. Rg5 Kh6 73. Rg8 e4 74. fxe4 f3 75. Kg1 fxg2 76. Rxg2 Rxe4 77. Kh2 Rg4 78. Rxg4 hxg4 79. Kg3 Kg6 80. Kxg4 1/2-1/2

[Event "BIH-chT 21st"]
[Site "Sarajevo"]
[Date "2023.11.04"]
[Round "5.1"]
[White "Djukic, Nikola"]
[Black "Kadric, Denis"]
[Result "1/2-1/2"]
[WhiteElo "2518"]
[BlackElo "2584"]
[PlyCount "40"]
[EventDate "2023.10.31"]
[EventType "team-tourn"]
[EventRounds "9"]
[EventCountry "BIH"]
[SourceTitle "Mega2024 Update 01"]
[Source "Chessbase"]
[SourceDate "2023.11.12"]
[SourceVersion "1"]
[SourceVersionDate "2023.11.12"]
[SourceQuality "1"]
[WhiteTeam "Pazaric Bjelasnica"]
[BlackTeam "Sarajevo SK"]
[WhiteTeamCountry "BIH"]
[BlackTeamCountry "BIH"]

1. e4 e5 2. Nf3 Nc6 3. Bb5 a6 4. Ba4 b5 5. Bb3 Na5 6. 0-0 d6 7. d4 Nxb3 8. axb3 f6 9. c4 b4 10. Be3 Ne7 11. Ne1 Ng6 12. Nd3 exd4 13. Bxd4 c5 14. Be3 Be7 15. Qh5 Qd7 16. Nf4 Qg4 17. Qxg4 Bxg4 18. Nd5 Bd8 19. f4 Bd7 20. Nd2 Bc6 1/2-1/2

[Event "SRB-chT Premier"]
[Site "Bajina Basta"]
[Date "2023.09.25"]
[Round "8.1"]
[White "Djukic, Nikola"]
[Black "Predojevic, Borki"]
[Result "1/2-1/2"]
[WhiteElo "2517"]
[BlackElo "2578"]
[PlyCount "38"]
[EventDate "2023.09.18"]
[EventType "team-tourn"]
[EventRounds "11"]
[EventCountry "SRB"]
[SourceTitle "EXT 2024"]
[Source "ChessBase"]
[SourceDate "2023.10.10"]
[SourceVersion "1"]
[SourceVersionDate "2023.10.10"]
[SourceQuality "1"]
[WhiteTeam "Pozega"]
[BlackTeam "Goracici Jelica"]
[WhiteTeamCountry "SRB"]
[BlackTeamCountry "SRB"]

1. e4 e5 2. Nf3 Nc6 3. Bb5 a6 4. Ba4 d6 5. c3 f5 6. exf5 Bxf5 7. 0-0 Bd3 8. Re1 Be7 9. Bc2 Bxc2 10. Qxc2 Nf6 11. d4 e4 12. Ng5 d5 13. f3 h6 14. Nh3 0-0 15. Nd2 exf3 16. Nxf3 Rf7 17. Qg6 Bd6 18. Bf4 Ne7 19. Qc2 Ne4 1/2-1/2

[Event "SRB-chT Premier"]
[Site "Bajina Basta"]
[Date "2023.09.19"]
[Round "2.4"]
[White "Aslanov, Umid Fuad"]
[Black "Djukic, Nikola"]
[Result "0-1"]
[WhiteElo "2260"]
[BlackElo "2517"]
[PlyCount "62"]
[EventDate "2023.09.18"]
[EventType "team-tourn"]
[EventRounds "11"]
[EventCountry "SRB"]
[SourceTitle "EXT 2024"]
[Source "ChessBase"]
[SourceDate "2023.10.10"]
[SourceVersion "1"]
[SourceVersionDate "2023.10.10"]
[SourceQuality "1"]
[WhiteTeam "Nova Pazova Mladost"]
[BlackTeam "Pozega"]
[WhiteTeamCountry "SRB"]
[BlackTeamCountry "SRB"]

1. e4 c5 2. Nf3 Nc6 3. d4 cxd4 4. Nxd4 Nf6 5. Nc3 d6 6. Bc4 e6 7. Be3 Be7 8. Qe2 a6 9. 0-0-0 Qc7 10. f3 Na5 11. Bb3 b5 12. g4 b4 13. Na4 0-0 14. Bg5 Bd7 15. f4 Bb5 16. Qe1 Nxb3+ 17. axb3 Rac8 18. Rd2 Qa5 19. h4 Bxa4 20. bxa4 Qxa4 21. Kb1 Rfe8 22. Bxf6 Bxf6 23. e5 dxe5 24. fxe5 Rc5 25. Nb3 Rxe5 26. Qg3 Qc6 27. Rf1 Rd5 28. Qf3 Rc8 29. Rdf2 Rd7 30. Qg3 Qc7 31. Qh3 Qe5 0-1

[Event "FRM-chT 31st"]
[Site "Ohrid"]
[Date "2023.08.31"]
[Round "6.1"]
[White "Indjic, Aleksandar"]
[Black "Djukic, Nikola"]
[Result "1-0"]
[WhiteElo "2606"]
[BlackElo "2517"]
[PlyCount "71"]
[EventDate "2023.08.26"]
[EventType "team-tourn"]
[EventRounds "7"]
[EventCountry "MKD"]
[SourceTitle "EXT 2024"]
[Source "ChessBase"]
[SourceDate "2023.10.10"]
[SourceVersion "1"]
[SourceVersionDate "2023.10.10"]
[SourceQuality "1"]
[WhiteTeam "Skopje Alkaloid"]
[BlackTeam "Gostivar"]
[WhiteTeamCountry "MKD"]
[BlackTeamCountry "MKD"]

1. Nf3 Nf6 2. c4 g6 3. Nc3 Bg7 4. e4 e5 5. Nxe5 0-0 6. Nf3 Re8 7. d3 d5 8. cxd5 Nxd5 9. Bd2 Bg4 10. Be2 Bxf3 11. gxf3 Nb4 12. Be3 N8c6 13. a3 Na6 14. Nb5 Nd4 15. Nxd4 Bxd4 16. h4 Nc5 17. f4 Ne6 18. Qd2 Bg7 19. h5 Nd4 20. hxg6 hxg6 21. Bd1 c5 22. Rc1 Rc8 23. Kf1 c4 24. Rxc4 Rxc4 25. dxc4 Rxe4 26. Bf3 Re8 27. Bxb7 Nf5 28. Qxd8 Rxd8 29. c5 Bxb2 30. c6 Nd6 31. c7 Re8 32. Ba6 Bxa3 33. Bd4 f6 34. Bxf6 Kf7 35. Be5 Nc8 36. Bc4+ 1-0

[Event "FRM-chT 31st"]
[Site "Ohrid"]
[Date "2023.08.27"]
[Round "2.1"]
[White "Perunovic, Milos"]
[Black "Djukic, Nikola"]
[Result "1/2-1/2"]
[WhiteElo "2540"]
[BlackElo "2517"]
[PlyCount "56"]
[EventDate "2023.08.26"]
[EventType "team-tourn"]
[EventRounds "7"]
[EventCountry "MKD"]
[SourceTitle "EXT 2024"]
[Source "ChessBase"]
[SourceDate "2023.10.10"]
[SourceVersion "1"]
[SourceVersionDate "2023.10.10"]
[SourceQuality "1"]
[WhiteTeam "Skopje Gambit Asseko"]
[BlackTeam "Gostivar"]
[WhiteTeamCountry "MKD"]
[BlackTeamCountry "MKD"]

1. e4 c5 2. Nf3 e6 3. d4 cxd4 4. Nxd4 Nc6 5. Nc3 Qc7 6. Be3 a6 7. Qf3 h5 8. 0-0-0 b5 9. Nxc6 Qxc6 10. Bd3 Bb7 11. Rhe1 Nf6 12. Bd4 Be7 13. Qg3 b4 14. Ne2 d6 15. Nf4 Kf8 16. e5 dxe5 17. Bxe5 Rc8 18. h3 a5 19. Kb1 a4 20. Be4 Qa6 21. Bxb7 Qxb7 22. Rd3 a3 23. b3 Kg8 24. c3 bxc3 25. Rxc3 Rxc3 26. Bxc3 Qb5 27. Re5 Qf1+ 28. Re1 Qb5 1/2-1/2

[Event "MNT World Cup Qual"]
[Site "Niksic"]
[Date "2023.06.07"]
[Round "3.4"]
[White "Kadric, Denis"]
[Black "Djukic, Nikola"]
[Result "1/2-1/2"]
[WhiteElo "2601"]
[BlackElo "2512"]
[PlyCount "160"]
[EventDate "2023.06.02"]
[EventType "k.o."]
[EventRounds "3"]
[EventCountry "MNE"]
[SourceTitle "CBM 214 Extra"]
[Source "ChessBase"]
[SourceDate "2023.07.31"]
[SourceVersion "1"]
[SourceVersionDate "2023.07.31"]
[SourceQuality "1"]

1. e4 c5 2. Nc3 Nc6 3. Nge2 g6 4. d4 cxd4 5. Nxd4 Bg7 6. Be3 Nf6 7. Nxc6 bxc6 8. e5 Ng8 9. Bd4 Qa5 10. f4 Rb8 11. Qd2 Rxb2 12. Nd5 Qxd2+ 13. Kxd2 Rb8 14. Nc7+ Kd8 15. Na6 Bxa6 16. Bxa6 Rb4 17. Rab1 Rxd4+ 18. Ke3 c5 19. c3 Ra4 20. Rb8+ Kc7 21. Rc8+ Kb6 22. Bd3 Kb7 23. Rxc5 Nh6 24. Rb1+ Ka8 25. Be4+ Rxe4+ 26. Kxe4 Rb8 27. Rd1 d6 28. exd6 exd6 29. Rc7 Ng4 30. Kf3 Nf6 31. Rxf7 Rb7 32. Rxb7 Kxb7 33. Rxd6 Kc7 34. Ra6 Nd7 35. Rxa7+ Kc6 36. Ra8 Nb6 37. Re8 Kd6 38. Rb8 Kc7 39. Rg8 Bxc3 40. Rf8 Nd7 41. Rf7 h5 42. Rh7 Kd6 43. f5 Nf6 44. Ra7 g5 45. h3 g4+ 46. hxg4 hxg4+ 47. Ke2 Ke5 48. a4 Kxf5 49. a5 Kf4 50. a6 Bd4 51. Rf7 Kg5 52. a7 Bxa7 53. Rxa7 Kh4 54. Rf7 Ne4 55. Ke3 Nc3 56. Kf2 Ne4+ 57. Kg1 Kg3 58. Ra7 Kh4 59. Ra3 Ng3 60. Rb3 Nf5 61. Kf2 g3+ 62. Kf1 Kg4 63. Rb4+ Kg5 64. Re4 Nh4 65. Re2 Kf4 66. Ra2 Nf5 67. Ra4+ Kg5 68. Ra8 Ne3+ 69. Kg1 Kg4 70. Rg8+ Kf4 71. Rf8+ Kg4 72. Rf3 Nf5 73. Kf1 Nh4 74. Rf8 Kg5 75. Rb8 Nf5 76. Rb2 Nh4 77. Rb3 Kf4 78. Ra3 Kg4 79. Ra4+ Kg5 80. Ra5+ Kg4 1/2-1/2

[Event "MNT World Cup Qual"]
[Site "Niksic"]
[Date "2023.06.03"]
[Round "1.7"]
[White "Djukic, Nikola"]
[Black "Kalezic, Blazo"]
[Result "1-0"]
[WhiteElo "2512"]
[BlackElo "2400"]
[PlyCount "99"]
[EventDate "2023.06.02"]
[EventType "k.o."]
[EventRounds "3"]
[EventCountry "MNE"]
[SourceTitle "CBM 214 Extra"]
[Source "ChessBase"]
[SourceDate "2023.07.31"]
[SourceVersion "1"]
[SourceVersionDate "2023.07.31"]
[SourceQuality "1"]

1. e4 e6 2. d4 d5 3. Nc3 Nf6 4. e5 Nfd7 5. f4 c5 6. Nf3 Nc6 7. Be3 cxd4 8. Nxd4 Bc5 9. Qd2 0-0 10. 0-0-0 a6 11. Nb3 Bb4 12. Bd3 b5 13. Kb1 Nb6 14. Qf2 Nc4 15. Nd4 Ne7 16. Nce2 Bd7 17. Bc1 Rc8 18. Qh4 h6 19. g4 Ng6 20. Qg3 Be7 21. Nf3 Nh4 22. Ned4 Nxf3 23. Nxf3 f6 24. exf6 gxf6 25. Qh4 Kg7 26. f5 Rh8 27. fxe6 Bxe6 28. Nd4 Bd7 29. Qh5 Qe8 30. Qxd5 Ne5 31. Nf5+ Bxf5 32. Bxf5 Rc5 33. Qb7 Qf7 34. Qxa6 Rc6 35. Qb7 Rc5 36. Rd4 Rc4 37. Rhd1 Ra4 38. Rxa4 bxa4 39. Qa6 a3 40. b3 Rf8 41. Qe6 Qe8 42. h4 Rf7 43. g5 Qc6 44. gxh6+ Kh8 45. Qxc6 Nxc6 46. c4 Bf8 47. Rd7 Ne7 48. Be6 Rh7 49. Rd8 Ng6 50. Bf5 1-0

[Event "MNT-chT"]
[Site "Herceg Novi"]
[Date "2023.05.05"]
[Round "6.4"]
[White "Skvortsov, Andrei"]
[Black "Djukic, Nikola"]
[Result "0-1"]
[WhiteElo "2313"]
[BlackElo "2512"]
[PlyCount "86"]
[EventDate "2023.05.01"]
[EventType "team-tourn"]
[EventRounds "9"]
[EventCountry "MNE"]
[SourceTitle "CBM 214 Extra"]
[Source "ChessBase"]
[SourceDate "2023.07.31"]
[SourceVersion "1"]
[SourceVersionDate "2023.07.31"]
[SourceQuality "1"]
[WhiteTeam "Dama"]
[BlackTeam "Buducnost"]
[WhiteTeamCountry "MNE"]
[BlackTeamCountry "MNE"]

1. e4 c5 2. d4 cxd4 3. Qxd4 Nc6 4. Qd3 g6 5. Nf3 Bg7 6. Nc3 d6 7. Be2 Bg4 8. 0-0 Rc8 9. Be3 Nf6 10. Nd5 Nd7 11. Qb3 0-0 12. Rad1 Bxf3 13. Bxf3 Na5 14. Qb4 Rxc2 15. Nxe7+ Qxe7 16. Qxa5 Ne5 17. Rd5 b6 18. Qa4 Nxf3+ 19. gxf3 Rxb2 20. Bc1 Rb1 21. Qc2 Ra1 22. Rfd1 Qe6 23. Ba3 Rc8 24. Qe2 Rxd1+ 25. Qxd1 Be5 26. Kg2 Qf6 27. Qd2 Rc3 28. Rxe5 Qxf3+ 29. Kf1 Rd3 30. Re8+ Kg7 31. Bb2+ f6 32. Re7+ Kg8 33. Qxd3 Qxd3+ 34. Kg2 d5 35. Bxf6 dxe4 36. Bh4 Qf3+ 37. Kg1 g5 38. Bg3 h5 39. Re5 Kf7 40. Rxg5 e3 41. Re5 Qd1+ 42. Kg2 e2 43. f4 Qf1# 0-1

[Event "EU-ch 23rd"]
[Site "Vrnjacka Banja"]
[Date "2023.03.05"]
[Round "3"]
[White "Djukic, Nikola"]
[Black "Aizenberg, Benny"]
[Result "1/2-1/2"]
[WhiteElo "2514"]
[BlackElo "2367"]
[PlyCount "85"]
[EventDate "2023.03.03"]
[EventType "swiss"]
[EventRounds "11"]
[EventCountry "SRB"]
[SourceTitle "CBM 213"]
[Source "ChessBase"]
[SourceDate "2023.04.30"]
[SourceVersion "1"]
[SourceVersionDate "2023.04.30"]
[SourceQuality "1"]

1. e4 c5 2. Nf3 Nc6 3. d4 cxd4 4. Nxd4 Nf6 5. Nc3 e5 6. Ndb5 d6 7. Bg5 a6 8. Na3 b5 9. Nd5 Be7 10. Bxf6 Bxf6 11. c3 Rb8 12. Nc2 Bg5 13. a4 bxa4 14. Ncb4 Nxb4 15. cxb4 Bd7 16. Bxa6 0-0 17. b3 Ra8 18. b5 Bxb5 19. Bxb5 Qa5+ 20. b4 Qxb5 21. Qe2 Qb7 22. 0-0 f5 23. Rfd1 fxe4 24. Qxe4 Kh8 25. b5 a3 26. b6 a2 27. Qb4 Qc6 28. Qb3 Qa4 29. Qxa4 Rxa4 30. Nc3 Rb4 31. Rxa2 Rxb6 32. Ne4 Be7 33. Ra7 d5 34. Rxe7 dxe4 35. Rxe5 Rb2 36. Rf5 Kg8 37. Rxf8+ Kxf8 38. g3 Rb4 39. Rd7 Rb1+ 40. Kg2 Re1 41. h4 h5 42. Ra7 g6 43. Rb7 1/2-1/2

[Event "EU-ch 23rd"]
[Site "Vrnjacka Banja"]
[Date "2023.03.04"]
[Round "2"]
[White "Garrido Outon, Alex"]
[Black "Djukic, Nikola"]
[Result "1/2-1/2"]
[WhiteElo "2380"]
[BlackElo "2514"]
[PlyCount "68"]
[EventDate "2023.03.03"]
[EventType "swiss"]
[EventRounds "11"]
[EventCountry "SRB"]
[SourceTitle "CBM 213"]
[Source "ChessBase"]
[SourceDate "2023.04.30"]
[SourceVersion "1"]
[SourceVersionDate "2023.04.30"]
[SourceQuality "1"]

1. e4 c5 2. Nf3 e6 3. d4 cxd4 4. Nxd4 Nc6 5. Nc3 Qc7 6. Be3 a6 7. g4 b5 8. Nxc6 Qxc6 9. Qd2 b4 10. Ne2 Qxe4 11. Rg1 Qc4 12. Ng3 Qc7 13. 0-0-0 Nf6 14. Nh5 Bb7 15. Bb6 Qc6 16. Kb1 Ne4 17. Qd4 Qd5 18. Bd3 Qxd4 19. Bxd4 Rg8 20. g5 0-0-0 21. Bb6 Re8 22. Rg4 d5 23. Bxe4 dxe4 24. Rf4 Bd5 25. Rxf7 Re7 26. Rxe7 Bxe7 27. Rg1 Bd6 28. Bd4 Bxh2 29. Re1 Bd6 30. Bxg7 Bc5 31. Rf1 Bc4 32. Re1 Bd5 33. Rf1 Bc4 34. Re1 Bd5 1/2-1/2

[Event "Belgrade Gligoric Trophy KO"]
[Site "Belgrade"]
[Date "2023.02.07"]
[Round "2.1"]
[White "Djukic, Nikola"]
[Black "Perunovic, Milos"]
[Result "0-1"]
[WhiteElo "2514"]
[BlackElo "2554"]
[PlyCount "128"]
[EventDate "2023.02.07"]
[EventType "k.o. (rapid)"]
[EventRounds "3"]
[EventCountry "SRB"]
[SourceTitle "CBM 212 Extra"]
[Source "ChessBase"]
[SourceDate "2023.03.31"]
[SourceVersion "1"]
[SourceVersionDate "2023.03.31"]
[SourceQuality "1"]

1. e4 c5 2. Nf3 Nc6 3. d4 cxd4 4. Nxd4 e5 5. Nb5 d6 6. c4 Be6 7. N1c3 a6 8. Na3 g6 9. Nc2 Bg7 10. Be2 Nf6 11. 0-0 0-0 12. Be3 Rc8 13. Rc1 Na5 14. b3 b5 15. Nd5 Bxd5 16. exd5 bxc4 17. b4 Nb7 18. Na3 a5 19. b5 c3 20. Nc4 Ng4 21. Bb6 Qh4 22. h3 Rxc4 23. Bxc4 Nxf2 24. Rxf2 Qxc4 25. Qe2 Rc8 26. Qxc4 Rxc4 27. Rfc2 e4 28. Bf2 Rb4 29. b6 f5 30. Be1 Rxb6 31. Bxc3 Bxc3 32. Rxc3 Nc5 33. Rd1 Kf7 34. Rcc1 Rb2 35. a3 Kf6 36. Rb1 Rxb1 37. Rxb1 Ke5 38. Kf2 Kxd5 39. Ke3 Ke5 40. Rb5 f4+ 41. Ke2 a4 42. Ra5 g5 43. Ra7 h5 44. Rh7 h4 45. Rg7 Ne6 46. Ra7 Nc5 47. Rg7 Kf6 48. Rg8 d5 49. Rd8 Ke5 50. Rg8 Ne6 51. Ra8 d4 52. Ra5+ Kf6 53. Rxa4 d3+ 54. Kd1 Ke5 55. Rc4 e3 56. a4 Nd4 57. Rc8 Nc2 58. Re8+ Kd5 59. a5 Kc6 60. Re5 Kb7 61. Re6 e2+ 62. Kd2 Ne3 63. Rb6+ Ka7 64. Rb1 Nxg2 0-1